El cuento de mi vida / (Record no. 187365)

MARC details
000 -LEADER
campo de control de longitud fija 00858nam a2200229 i 4500
001 - NÚMERO DE CONTROL
campo de control 187365
003 - IDENTIFICADOR DE NÚMERO DE CONTROL
campo de control SpMaBN
005 - FECHA Y HORA DE LA ÚLTIMA TRANSACCIÓN
campo de control 20250910213757.0
008 - DATOS DE LONGITUD FIJA--INFORMACIÓN GENERAL
campo de control de longitud fija 170615s1942 sp c |||| |aspa d
080 ## - NÚMERO DE LA CLASIFICACIÓN DECIMAL UNIVERSAL
Número de la Clasificación Decimal Universal 929 Andersen, Christian
080 ## - NÚMERO DE LA CLASIFICACIÓN DECIMAL UNIVERSAL
Número de la Clasificación Decimal Universal 821.113.4-94"18"
100 1# - ENTRADA PRINCIPAL--NOMBRE DE PERSONA
Nombre de persona Andersen, Hans Christian.
9 (RLIN) 21434
245 13 - MENCIÓN DEL TÍTULO
Título El cuento de mi vida /
Mención de responsabilidad, etc. H.C. Andersen ; [traducción de Asís de Rodas ; grabado a la madera de E.C. Ricart].
250 ## - MENCION DE EDICION
Mención de edición 1ª ed.
260 ## - PUBLICACIÓN, DISTRIBUCIÓN, ETC.
Lugar de publicación, distribución, etc. Barcelona :
Nombre del editor, distribuidor, etc. Argos,
Fecha de publicación, distribución, etc. 1942 (
Fabricante Agustín Núñez)
300 ## - DESCRIPCIÓN FÍSICA
Extensión 250 p., [2] h. :
Otras características físicas 1 retr. ;
Dimensiones 21 cm.
600 14 - PUNTO DE ACCESO ADICIONAL DE MATERIA--NOMBRE DE PERSONA
Nombre de persona Andersen, Hans Christian.
9 (RLIN) 21434
700 1# - ENTRADA AGREGADA--NOMBRE PERSONAL
Nombre de persona Rodas, Asís de.
9 (RLIN) 98099
700 1# - ENTRADA AGREGADA--NOMBRE PERSONAL
Nombre de persona Ricart, Enric C.,
Fechas asociadas al nombre 1893-1960
9 (RLIN) 96857
852 ## - LOCALIZACIÓN
Ubicación ES-MaACL
Número de control de estantería L-31721
Nota libre - enc. cart.
-- . - Donat. herederos de la bibl. de Mª del Pilar Costa Palacín
Holdings
Estatus retirado Estado de pérdida Estado de daño No para préstamo Biblioteca de origen Biblioteca actual Ubicación en estantería Fecha de adquisición Fuente de adquisición Total de préstamos Signatura topográfica completa Código de barras Visto por última vez Precio de reemplazo Tipo de ítem Koha
        Biblioteca del Ateneo de Madrid Biblioteca del Ateneo de Madrid Depósito 2 15/06/2017     L-31721 1197744 23/02/2023 23/02/2023 Libro impreso